000 01131nam a22002417i 4500
999 _c22890
_d22890
003 AR-CdUCM
008 240510b20232023 pe||||| |||| 00| 0 spa d
020 _a978-612-00-9007-7
040 _aMUNICIPALIDAD PROVINCIAL DEL CUSCO
_cBIBLIOTECA MUNICIPAL DEL CUSCO
082 _a301.98561 / H96
_bH96
100 _aHurtado Huamán, Félix
_949807
245 _a365 días viviendo en la Plaza de Armas del Cusco /
260 _aCusco :
_c2023
300 _a306 páginas. :
_c17 cm.
500 _zBibliografía: página 303 - 305
505 _aPlaza de Armas del Cusco en la línea del tiempo -- Una vuelta por el perímetro de la Plaza de Armas del Cusco al 2017 -- Registro de actividades en la Plaza de Armas del Cusco, 2017 -- La Personalidad del cusqueño -- Enero a Diciembre 2017
650 _aPlaza de Armas del Cusco en la línea del tiempo
_949808
650 _aUna vuelta por el perímetro de la Plaza de Armas del Cusco al 2017
_949809
650 _aRegistro de actividades en la Plaza de Armas del Cusco, 2017
_949810
650 _a Enero a Diciembre 2017
_949811
942 _2ddc
_cLIBROS
945 _apbj
_d2024-05-10